Подробности
| 000 -МАРКЕР |
| контрольное поле |
02611nam0a2200373 4500 |
| 001 - ИДЕНТИФИКАТОР ЗАПИСИ |
| контрольное поле |
RU\NLR\BIBL_A\011905242 |
| 005 - ИДЕНТИФИКАТОР ВЕРСИИ |
| контрольное поле |
20190125142927.0 |
| 010 ## - МЕЖДУНАРОДНЫЙ СТАНДАРТНЫЙ НОМЕР КНИГИ (ISBN) |
| Номер (ISBN) |
978-5-906930-89-7 |
| Тираж |
750 |
| 021 ## - НОМЕР ГОСУДАРСТВЕННОЙ РЕГИСТРАЦИИ |
| Код страны |
Российская Федерация |
| Номер |
КН-П-18-091642 |
| Номер Листа государственной регистраци |
КН-П-18-6657 |
| 035 ## - ДРУГИЕ СИСТЕМНЫЕ НОМЕРА |
| Идентификатор записи |
(NLR Aleph) 011905242 |
| 035 ## - ДРУГИЕ СИСТЕМНЫЕ НОМЕРА |
| Идентификатор записи |
(RuMoRGB)009828019 |
| 100 ## - ДАННЫЕ ОБЩЕЙ ОБРАБОТКИ |
| Данные общей обработки |
20190109d2018 u y0rusy50 ca |
| 101 0# - ЯЗЫК РЕСУРСА |
| Язык текста, звукозаписи и т.д. |
русский |
| 102 ## - СТРАНА ПУБЛИКАЦИИ ИЛИ ПРОИЗВОДСТВА |
| Страна публикации |
Российская Федерация |
| 105 ## - ПОЛЕ КОДИРОВАННЫХ ДАННЫХ: ТЕКСТОВЫЕ МАТЕРИАЛЫ, МОНОГРАФИЧЕСКИЕ |
| Кодированные данные о монографическом текстовом документе |
c||z|||010zc |
| 200 1# - ЗАГЛАВИЕ И СВЕДЕНИЯ ОБ ОТВЕТСТВЕННОСТИ |
| Основное заглавие |
Российский научно-исследовательский противочумный институт "Микроб", 100 лет |
| Первые сведения об ответственности |
[Кутырев В.В., Щербакова С.А., Девдариани З.Л. и др.] |
| Последующие сведения об ответственности |
под редакцией доктора медицинских наук, профессора А.Ю. Поповой, академика РАН, доктора медицинских наук, профессора В.В. Кутырева |
| -- |
Федеральная служба по надзору в сфере защиты прав потребителей и благополучия человека, Федеральное казенное учреждение здравоохранения " Российский научно-исследовательский противочумный институт "Микроб" |
| 210 ## - ПУБЛИКАЦИЯ, РАСПРОСТРАНЕНИЕ И ДР. |
| Место издания, распространения и т.д. |
Саратов |
| -- |
Красногорск |
| Имя издателя, распространителя и т. д. |
Красногорский полиграфический комбинат |
| Дата издания, распространения и т.д. |
2018 |
| 215 ## - ФИЗИЧЕСКАЯ ХАРАКТЕРИСТИКА |
| Специфическое обозначение материала и объем |
368 с. |
| Другие сведения о физической характеристике |
ил., портр., табл., цв. ил., портр. |
| Размеры |
30 |
| 300 ## - ОБЩИЕ ПРИМЕЧАНИЯ |
| Текст примечания |
Авт. указаны на обороте тит. л. |
| 320 ## - ПРИМЕЧАНИЯ О НАЛИЧИИ В ДОКУМЕНТЕ БИБЛИОГРАФИИ / УКАЗАТЕЛЯ |
| Текст примечания |
Библиогр. в конце гл. |
| 601 02 - НАИМЕНОВАНИЕ ОРГАНИЗАЦИИ КАК ПРЕДМЕТ |
| Начальный элемент ввода |
" Микроб", российский научно-исследовательский противочумный институт |
| Идентифицирующий признак |
Саратов |
| Код системы |
nlr_sh2 |
| Идентификатор авторитетной/нормативной записи |
RU\NLR\AUTH\6601648068 |
| 686 1# - ИНДЕКСЫ ДРУГИХ КЛАССИФИКАЦИЙ |
| Индекс |
Р26е(2)л21 |
| 686 1# - ИНДЕКСЫ ДРУГИХ КЛАССИФИКАЦИЙ |
| Индекс |
Р194.78 |
| 701 #1 - ИМЯ ЛИЦА - АЛЬТЕРНАТИВНАЯ ОТВЕТСТВЕННОСТЬ |
| Начальный элемент ввода |
Кутырев |
| Часть имени, кроме начального элемента ввода |
В. В. |
| Расширение инициалов личного имени |
Владимир Викторович |
| Идентификатор авторитетной/нормативной записи |
RU\NLR\AUTH\7758067 |
| 701 #1 - ИМЯ ЛИЦА - АЛЬТЕРНАТИВНАЯ ОТВЕТСТВЕННОСТЬ |
| Начальный элемент ввода |
Щербакова |
| Часть имени, кроме начального элемента ввода |
С. А. |
| 701 #1 - ИМЯ ЛИЦА - АЛЬТЕРНАТИВНАЯ ОТВЕТСТВЕННОСТЬ |
| Начальный элемент ввода |
Девдариани |
| Часть имени, кроме начального элемента ввода |
З.Л. |
| Расширение инициалов личного имени |
Зураб Леванович |
| 702 #1 - ИМЯ ЛИЦА - ВТОРИЧНАЯ ОТВЕТСТВЕННОСТЬ |
| Начальный элемент ввода |
Попова |
| Часть имени, кроме начального элемента ввода |
А. Ю. |
| Дополнения к именам, кроме дат |
д-р мед. наук, гос. деятель |
| Даты |
1960- |
| Расширение инициалов личного имени |
Анна Юрьевна |
| Идентификатор авторитетной/нормативной записи |
RU\NLR\AUTH\770138904 |
| Код отношения |
Редактор |
| 711 02 - НАИМЕНОВАНИЕ ОРГАНИЗАЦИИ - АЛЬТЕРНАТИВНАЯ ОТВЕТСТВЕННОСТЬ |
| Начальный элемент ввода |
"Микроб", российский научно-исследовательский противочумный институт |
| Идентифицирующий признак |
Саратов |
| Идентификатор авторитетной/нормативной записи |
RU\NLR\AUTH\8810026499 |
| 942 ## - ДОПОЛНИТЕЛЬНЫЕ ЭЛЕМЕНТЫ ЗАПИСИ (АБИС) |
| Тип экземпляра АБИС |
Книга |
| 980 ## - КОЛЛЕКЦИЯ |
| Название коллекции |
Национальная библиография |